Entre la historia y la esperanza (Record no. 9051)

MARC details
000 -CABECERA
campo de control de longitud fija 00832nam a2200253 a 4500
001 - NÚMERO DE CONTROL
campo de control BRL_238
005 - FECHA Y HORA DE LA ÚLTIMA TRANSACCIÓN
campo de control 20190320210640.0
008 - DATOS DE LONGITUD FIJA--INFORMACIÓN GENERAL
campo de control de longitud fija 280613s1995----mx-a######---#000-0#spa-#
020 ## - NÚMERO INTERNACIONAL ESTÁNDAR DEL LIBRO
Número Internacional Estándar del Libro 9700506347
041 ## - CÓDIGO DE LENGUA
Código de lengua del texto/banda sonora o título independiente spa
044 ## - CÓDIGO DEL PAÍS DE LA ENTIDAD EDITORA/PRODUCTORA
Código MARC del país mx
050 #4 - SIGNATURA TOPOGRÁFICA DE LA BIBLIOTECA DEL CONGRESO
Número de clasificación F1351
Número de documento/Ítem .L67 1995
100 1# - ENTRADA PRINCIPAL--NOMBRE DE PERSONA
Nombre de persona López Obrador, Andrés Manuel
9 (RLIN) 23319
245 10 - MENCIÓN DE TÍTULO
Título Entre la historia y la esperanza
Resto del título corrupción y lucha democrática en Tabasco
Mención de responsabilidad, etc. Andrés Manuel López Obrador.
260 ## - PUBLICACIÓN, DISTRIBUCIÓN, ETC.
Lugar de publicación, distribución, etc. México
Nombre del editor, distribuidor, etc. Grijalbo
Fecha de publicación, distribución, etc. 1995
300 ## - DESCRIPCIÓN FÍSICA
Extensión 269 p.
Otras características físicas il.
Dimensiones 23 cm.
500 ## - NOTA GENERAL
Nota general Incluye apéndice fotográfico e índice onomástico
500 ## - NOTA GENERAL
Nota general Au307
504 ## - NOTA DE BIBLIOGRAFÍA, ETC.
Nota de bibliografía, etc. Incluye referencias bibliográficas
650 14 - PUNTO DE ACCESO ADICIONAL DE MATERIA--TÉRMINO DE MATERIA
Término de materia o nombre geográfico como elemento de entrada Corrupción política
Subdivisión general Historia
Subdivisión geográfica Tabasco, México
9 (RLIN) 23320
651 #4 - PUNTO DE ACCESO ADICIONAL DE MATERIA--NOMBRE GEOGRÁFICO
Nombre geográfico Tabasco (México)
Subdivisión general Política y gobierno
9 (RLIN) 23321
902 ## - CATALOGADOR
Iniciales GRL
942 ## - ELEMENTOS DE PUNTO DE ACCESO ADICIONAL (KOHA)
Fuente del sistema de clasificación o colocación Library of Congress Classification
Tipo de ítem Koha Libros
Holdings
Estado de retiro Estado de pérdida Estado dañado No para préstamo Localización permanente Ubicación/localización actual Fecha de adquisición Número de inventario Total de préstamos Signatura topográfica completa Código de barras Fecha visto por última vez Precio válido a partir de Tipo de ítem Koha
El ejemplar forma parte de la colección y puede ser consultado según las políticas vigentes.       Biblioteca Centro de Estudios Ruth D. Lechuga Biblioteca Centro de Estudios Ruth D. Lechuga 28/06/2013 Au307   F1351 .L67 1995 (Au307) GRL00252 22/03/2019 22/03/2019 Libros